Sports General Knowledge #4 by Meast - Statistics

General Stats
  • This quiz has been taken 39 times
  • The average score is 7 of 20
Answer Stats
Hint Answer % Correct
What tennis player has held the World #1 Ranking for the longest period of time? Novak Djokovic
80%
In what year did Joe Flacco get drafted? 2008
70%
Where did Trae Young go to college? Oklahoma
67%
How many years are between the two World Series wins for the Chicago Cubs? 108
53%
Who is the youngest player in NBA history to win MVP? Derrick Rose
50%
Where did Davante Adams go to college? Fresno State
47%
What is the name of the newly build stadium for the Las Vegas Raiders? Allegiant
43%
Which famous NFL QB played with Davante Adams in college? Derek Carr
43%
Who won the triple crown in the NFL in 2021? Cooper Kupp
37%
What is the name of the developer/publisher that produces sport video games? EA Sports
37%
What is the name of the school that Lebron James founded in Akron, Ohio? I Promise
23%
Who drafted Pete Crow-Armstrong? Mets
23%
Which sportsbook has the second largest market cap? MGM
23%
What college did the Kavanaugh brothers attend? Notre Dame
23%
Who held a championship belt in the UFC for the longest amount of time? Anderson Silva
13%
In the 2014 Final Four, the 4 teams consisted of Wisonsin, Kentucky, Uconn, and _____? Florida
13%
Who holds the course record at Bethpage Black, setting the record at 63? Brooks Koepka
10%
Where did Max Scherzer go to College? Missouri
10%
What is the name of the type of blue that the Detroit Lions wear? Honolulu
7%
Who is the most recent male player to win a calendar year Grand Slam in tennis? Rob Laver
7%
No matching quizzes found
Score Distribution
Percent of People with Each Score
Percentile by Number Answered
Your Score History
You have not taken this quiz